000 01573nam a2200385 i 4500
001 162313
003 ES-MaACL
005 20251013215434.0
008 041110s1802 fr acf |||| | fre d
040 _aCAM
_bspa
_cCAM
100 0 _aPlutarco
_992678
245 1 4 _aLes vies des hommes illustres /
_cde Plutarque ; traduites du grec par Amyot... ; avec des notes et des observations par MM. Brotier et Vauvilliers ; tome sixième.
250 _aNouvelle éd.
_brev., corr. et augm. par E. Clavier.
260 _aA Paris :
_bde l'imprimerie de Cussac...,
_cAn X [1801, i.e. 1802]
300 _a[4], 484 p. ;
_c8º.
505 8 _aContiene : Agesilas ; Pompeius ; Phocion ; Caton d'Utique
594 _aTít. en antep.: Oeuvres de Plutarque.
595 _aDato de ed. precede a mención de parte.
596 _aMarca tip. en port.
597 _aSign.: []2, A-Z8, 2A-2G8, 2H2.
597 _aAntep.
599 _aLa h. de grab. calc. alegórica : "Maréchal del., 1785, Levillain sculp."
599 _aLas il. xil. retratos.
600 0 4 _aAgésilas-
_xBiografías.
_9125564
600 1 4 _aPompeyo Magno, Cneo.
_9149933
600 0 4 _aFoción (
_dm. 318 a.C)
_9127100
600 1 7 _aCatón, Marco Porcio,
_cMenor
_2embne
_9126399
700 1 _aAmyot, Jacques.
_9125662
700 1 _aBrotier, Gabriel,
_d1723-1789
_9149971
700 1 _aVauvilliers, Jean François.
_9133574
700 1 _aClavier, Etienne,
_d1762-1817
_9149972
740 0 1 _aOeuvres de Plutarque.
852 _aES-MaACL
_jG-9434
_z-- Enc. pasta española
999 _c162313
_d162313